=LDR 00000nam 2200000 4500 =001 INLIS000000000031149 =005 20130612133235 =008 ***********************************Ind** =035 ##$$0010-061300000031149 =041 ##$$a Ind =082 ##$$a 770 =090 ##$$a 700, Kom s =100 ##$$a Komputer, Bunafit =245 ##$$a Seni modifikasi foto dengan photoshop CS3, CS2, CS, Bunafit Komputer =260 ##$$a 2008 $b Yogyakarta =300 ##$$a vi, 143 hlm, ilus, 21 cm =650 ##$$a Fotografi =850 ##$$a NBPNMAT =990 ##$$a 0001/BPAP-NTB/20142015 =990 ##$$a 2090101038/BPAP-NTB/2015 =990 ##$$a 77647764 =990 ##$$a 01201707764 =990 ##$$a 0001/BPAP-NTB/20142015 =990 ##$$a 2090101038/BPAP-NTB/2015